[Event "SVR-ch MTB 37th"]
[Site "Heimbach Weis"]
[Date "2014.04.19"]
[Round "9"]
[White "Czeratzki, Michael"]
[Black "Toth, Laszlo2222"]
[Result "1/2-1/2"]
[WhiteElo "2052"]
[BlackElo "2012"]
[PlyCount "55"]
[EventDate "2014.04.11"]
[EventType "tourn"]
[EventRounds "9"]
[EventCountry "GER"]
[SourceTitle "CBM 160 Extra"]
[Source "ChessBase"]
[SourceDate "2014.07.01"]
[SourceVersion "1"]
[SourceVersionDate "2014.07.01"]
[SourceQuality "1"]

1. d4 e6 2. c3 d5 3. e3 c5 4. f4 Nc6 5. Nf3 Nf6 6. Bd3 Bd6 7. 0-0 Bd7 8. Ne5 0-0 9. Nd2 c4 10. Bc2 b5 11. e4 dxe4 12. Nxe4 Be7 13. Qf3 Rc8 14. Nxd7 Qxd7 15. a3 Nxe4 16. Qxe4 f5 17. Qf3 Bf6 18. Be3 Ne7 19. Rae1 Nd5 20. Bd2 a5 21. Re2 b4 22. axb4 axb4 23. Rfe1 b3 24. Bb1 Rc6 25. Kh1 g6 26. g4 Kh8 27. Rg1 Qe7 28. Reg2 1/2-1/2

[Event "SVR-ch MTB 37th"]
[Site "Heimbach Weis"]
[Date "2014.04.13"]
[Round "5"]
[White "Czeratzki, Michael"]
[Black "Schwab, Thomas"]
[Result "1-0"]
[WhiteElo "2052"]
[BlackElo "2058"]
[PlyCount "161"]
[EventDate "2014.04.11"]
[EventType "tourn"]
[EventRounds "9"]
[EventCountry "GER"]
[SourceTitle "CBM 160 Extra"]
[Source "ChessBase"]
[SourceDate "2014.07.01"]
[SourceVersion "1"]
[SourceVersionDate "2014.07.01"]
[SourceQuality "1"]

1. d4 Nf6 2. Nf3 g6 3. g3 Bg7 4. Bg2 d5 5. 0-0 0-0 6. Nbd2 Nbd7 7. c3 Re8 8. Re1 e5 9. dxe5 Nxe5 10. Nxe5 Rxe5 11. Nf3 Re8 12. Bg5 c6 13. Qb3 Qc7 14. Bxf6 Bxf6 15. Rad1 a5 16. Qc2 Bf5 17. Qc1 Be4 18. e3 Kg7 19. b3 a4 20. Re2 Qb6 21. b4 Qb5 22. Rb2 Qc4 23. Nd4 Bxg2 24. Kxg2 b6 25. Qc2 Rec8 26. Qd3 Qxd3 27. Rxd3 a3 28. Rb1 Be7 29. Ne2 Kf6 30. b5 Ke5 31. Rbd1 Ra5 32. Nd4 cxb5 33. Nb3 Ra4 34. Rxd5+ Kf6 35. Rxb5 Rxc3 36. Rxb6+ Ke5 37. Rd4 Rxd4 38. exd4+ Kd5 39. Rb7 Kd6 40. Ra7 f5 41. Rxa3 g5 42. Ra6+ Kd5 43. Ra5+ Ke6 44. Nc5+ Kf7 45. Ra7 g4 46. d5 Kf6 47. Ra6+ Kf7 48. d6 Bxd6 49. Rxd6 Rxc5 50. Ra6 Rc1 51. a4 Ra1 52. a5 h5 53. Ra8 Kg6 54. a6 Kh7 55. a7 Kg7 56. h4 Kh7 57. f4 Kg7 58. Kf2 Ra3 59. Ke2 Kh7 60. Kd2 Kg7 61. Kc2 Kh7 62. Kb2 Ra6 63. Kb3 Ra1 64. Kc4 Ra5 65. Kb4 Ra1 66. Kc5 Kg7 67. Kd5 Kh7 68. Ke5 Ra5+ 69. Kf6 Ra6+ 70. Kxf5 Ra5+ 71. Kf6 Ra6+ 72. Kg5 Ra5+ 73. f5 Kg7 74. Kxh5 Rxf5+ 75. Kxg4 Ra5 76. h5 Ra6 77. Kh4 Kh7 78. g4 Ra4 79. h6 Ra5 80. g5 Rxg5 81. Rh8+ 1-0

[Event "SVR-ch MTB 37th"]
[Site "Heimbach Weis"]
[Date "2014.04.12"]
[Round "2"]
[White "Czeratzki, Michael"]
[Black "Buerger, Helmut"]
[Result "0-1"]
[WhiteElo "2052"]
[BlackElo "1900"]
[PlyCount "76"]
[EventDate "2014.04.11"]
[EventType "tourn"]
[EventRounds "9"]
[EventCountry "GER"]
[SourceTitle "CBM 160 Extra"]
[Source "ChessBase"]
[SourceDate "2014.07.01"]
[SourceVersion "1"]
[SourceVersionDate "2014.07.01"]
[SourceQuality "1"]

1. d4 Nf6 2. Nf3 c5 3. e3 cxd4 4. exd4 g6 5. c3 Bg7 6. Bd3 d6 7. 0-0 0-0 8. Nbd2 Qc7 9. Re1 Re8 10. Ne4 Nbd7 11. Qb3 Nxe4 12. Bxe4 Nf6 13. Bd3 e5 14. Bb5 Be6 15. Qd1 Bd7 16. Bxd7 Nxd7 17. Be3 b5 18. Qb3 Rab8 19. Rad1 a5 20. dxe5 dxe5 21. Qd5 Red8 22. Qe4 f6 23. Rd5 f5 24. Qh4 Nf8 25. Rxd8 Rxd8 26. Bg5 Rd5 27. Bf6 e4 28. Nd4 b4 29. Bxg7 Kxg7 30. Qh3 Qc4 31. Qe3 Qxa2 32. cxb4 Qxb2 33. Nc6 axb4 34. Qa7+ Rd7 35. Qb6 b3 36. Qb4 Ne6 37. Na5 Nd4 38. Qc4 Qd2 0-1

[Event "SVR-ch MTA 34th"]
[Site "Reil"]
[Date "2011.04.17"]
[Round "5"]
[White "Kessler, Andreas"]
[Black "Czeratzki, Michael"]
[Result "1-0"]
[WhiteElo "2156"]
[BlackElo "2069"]
[PlyCount "73"]
[EventDate "2011.04.15"]
[EventType "tourn"]
[EventRounds "9"]
[EventCountry "GER"]
[SourceTitle "EXT 2013"]
[Source "ChessBase"]
[SourceDate "2012.11.22"]
[SourceVersion "1"]
[SourceVersionDate "2012.11.22"]
[SourceQuality "1"]

1. d4 e6 2. Nd2 d5 3. e4 dxe4 4. Nxe4 Bd7 5. Nf3 Bc6 6. Bd3 Bxe4 7. Bxe4 c6 8. c3 Nf6 9. Bd3 Bd6 10. Qe2 Qc7 11. Bd2 Bf4 12. 0-0 Nbd7 13. Rfe1 Bxd2 14. Nxd2 0-0 15. Ne4 c5 16. dxc5 Nxe4 17. Qxe4 g6 18. b4 Rad8 19. Bb5 Nf6 20. Qf3 Kg7 21. g3 Rd2 22. Re2 Rfd8 23. Rae1 b6 24. cxb6 Qxb6 25. Bc4 Qc7 26. Rxd2 Rxd2 27. Bb3 h5 28. Qe3 Qd7 29. Qe5 Qd8 30. Re4 Rb2 31. Rf4 Rb1+ 32. Kg2 Qa8+ 33. Kh3 Qd8 34. c4 h4 35. g4 Qd3+ 36. Kxh4 Qd8 37. Kg5 1-0

[Event "SVR-ch MTB 33rd"]
[Site "Mendig"]
[Date "2010.03.27"]
[Round "3"]
[White "Czeratzki, Michael"]
[Black "Moeller, Jeremy"]
[Result "1/2-1/2"]
[WhiteElo "2080"]
[BlackElo "1816"]
[PlyCount "159"]
[EventDate "2010.03.26"]
[EventType "tourn"]
[EventRounds "9"]
[EventCountry "GER"]
[SourceTitle "EXT 2011"]
[Source "ChessBase"]
[SourceDate "2010.11.26"]
[SourceVersion "1"]
[SourceVersionDate "2010.11.26"]
[SourceQuality "1"]

1. c4 Nf6 2. Nc3 e6 3. g3 d5 4. cxd5 exd5 5. d4 c6 6. Bg2 Bd6 7. Nf3 0-0 8. 0-0 Re8 9. Bg5 h6 10. Bd2 Bf5 11. Qc1 Nbd7 12. Bf4 Qc7 13. Bxd6 Qxd6 14. Re1 Ne4 15. Nd2 Ndf6 16. Ncxe4 Nxe4 17. Nxe4 Bxe4 18. Qc3 Bxg2 19. Kxg2 f5 20. e3 h5 21. Qc2 Qf6 22. Qd1 h4 23. Qh5 hxg3 24. hxg3 g6 25. Qh6 Kf7 26. Qh7+ Qg7 27. Rh1 Rh8 28. Qxg7+ Kxg7 29. g4 fxg4 30. Rxh8 Rxh8 31. Kg3 Kf6 32. Kxg4 Rh2 33. Kg3 Rh5 34. a4 Rh7 35. b4 Ke6 36. Rc1 Kd6 37. Kf3 Ke6 38. Rg1 Kf5 39. Ra1 Ke6 40. b5 Kd6 41. Ke2 Rh6 42. Rc1 Rh7 43. bxc6 b6 44. Kd3 Rc7 45. Rg1 Rg7 46. f3 Kxc6 47. e4 dxe4+ 48. fxe4 Kd6 49. Kc4 Rc7+ 50. Kb5 Rg7 51. Rg5 Ke6 52. Kc4 Kf6 53. Rg1 g5 54. Rf1+ Ke6 55. d5+ Ke5 56. Kd3 g4 57. Ke3 g3 58. Rf5+ Kd6 59. Rf6+ Kd7 60. Rf1 Kd6 61. Rg1 Ke5 62. Kf3 Rf7+ 63. Ke3 Rf4 64. Rxg3 Rxe4+ 65. Kd3 Rxa4 66. Rg5+ Kd6 67. Kc3 b5 68. Kb3 Rd4 69. Rg6+ Kc7 70. Ra6 Kb7 71. Rd6 a5 72. Kc3 Rc4+ 73. Kb3 a4+ 74. Ka3 Rc3+ 75. Kb4 Rb3+ 76. Kc5 a3 77. Rd7+ Ka6 78. Rd8 Kb7 79. Rd7+ Ka6 80. Rd8 1/2-1/2

[Event "SVR-ch MTB 30th"]
[Site "Nickenich"]
[Date "2007.04.05"]
[Round "7"]
[White "Scholtes, Benedikt"]
[Black "Czeratzki, Michael"]
[Result "1/2-1/2"]
[WhiteElo "1900"]
[BlackElo "2135"]
[PlyCount "89"]
[EventDate "2007.03.30"]
[EventType "tourn"]
[EventRounds "9"]
[EventCountry "GER"]
[SourceTitle "EXT 2009"]
[Source "ChessBase"]
[SourceDate "2008.11.26"]
[SourceVersion "1"]
[SourceVersionDate "2008.11.26"]
[SourceQuality "1"]

1. c4 f5 2. Nc3 Nf6 3. g3 e6 4. Bg2 Be7 5. d3 0-0 6. f4 d6 7. Nf3 Nc6 8. 0-0 Nd7 9. e4 Bf6 10. exf5 exf5 11. d4 g6 12. Be3 Ne7 13. Qd2 c6 14. Rae1 Bg7 15. Bf2 Nf6 16. d5 c5 17. Ng5 Ng4 18. Kh1 Nxf2+ 19. Rxf2 a6 20. Rfe2 Bf6 21. Ne6 Bxe6 22. dxe6 Rb8 23. Nd5 Bd4 24. Nxe7+ Qxe7 25. Qa5 h6 26. Qa4 Kg7 27. Qd7 Kf6 28. h3 Rfd8 29. Qxe7+ Kxe7 30. g4 Rf8 31. Rf1 b5 32. b3 bxc4 33. bxc4 Rb4 34. Bd5 Rfb8 35. gxf5 gxf5 36. Rf3 Rb2 37. Rxb2 Bxb2 38. Kg2 Rg8+ 39. Rg3 Rxg3+ 40. Kxg3 Bf6 41. Kf3 h5 42. Ke3 h4 43. Kd3 Bd4 44. Ke2 a5 45. a4 1/2-1/2

[Event "SVR-ch MTA 29th"]
[Site "Koblenz"]
[Date "2006.04.09"]
[Round "4"]
[White "Czeratzki, Michael"]
[Black "Strassner, Andreas"]
[Result "1/2-1/2"]
[WhiteElo "2156"]
[BlackElo "2122"]
[PlyCount "40"]
[EventDate "2006.04.07"]
[EventType "tourn"]
[EventRounds "9"]
[EventCountry "GER"]
[SourceTitle "EXT 2009"]
[Source "ChessBase"]
[SourceDate "2008.11.26"]
[SourceVersion "1"]
[SourceVersionDate "2008.11.26"]
[SourceQuality "1"]

1. c4 c6 2. Nf3 d5 3. e3 Nf6 4. b3 Bg4 5. Bb2 Nbd7 6. Be2 e6 7. 0-0 Be7 8. d3 0-0 9. Nbd2 Rc8 10. h3 Bh5 11. Ne5 Nxe5 12. Bxe5 Bxe2 13. Qxe2 Nd7 14. Bb2 Bf6 15. d4 Re8 16. f4 c5 17. Nf3 dxc4 18. bxc4 cxd4 19. exd4 Nb6 20. Rac1 Qc7 1/2-1/2

[Event "Rheinland-ch MT-A 28th"]
[Site "Trier"]
[Date "2005.??.??"]
[Round "4"]
[White "Czeratzki, Michael"]
[Black "Eschke, Lars"]
[Result "1/2-1/2"]
[WhiteElo "2125"]
[BlackElo "2185"]
[PlyCount "41"]
[EventDate "2005.03.??"]
[EventType "tourn"]
[EventRounds "9"]
[EventCountry "GER"]
[SourceTitle "EXT 2009"]
[Source "ChessBase"]
[SourceDate "2008.11.26"]
[SourceVersion "1"]
[SourceVersionDate "2008.11.26"]
[SourceQuality "1"]

1. c4 Nf6 2. g3 e5 3. Bg2 Nc6 4. Nc3 Bb4 5. a3 Bxc3 6. bxc3 0-0 7. Qc2 d6 8. d3 Re8 9. f3 d5 10. cxd5 Nxd5 11. Nh3 Qe7 12. e4 Nb6 13. Be3 Na5 14. 0-0 c5 15. Rfb1 Bd7 16. a4 Rac8 17. Nf2 Red8 18. Bh3 Bxh3 19. Nxh3 Qe6 20. Nf2 c4 21. Rb5 1/2-1/2

[Event "Rheinland-ch MT-A 28th"]
[Site "Trier"]
[Date "2005.??.??"]
[Round "1"]
[White "Czeratzki, Michael"]
[Black "Goreacinic, Dmitri"]
[Result "1-0"]
[WhiteElo "2125"]
[BlackElo "2210"]
[PlyCount "85"]
[EventDate "2005.03.??"]
[EventType "tourn"]
[EventRounds "9"]
[EventCountry "GER"]
[SourceTitle "EXT 2009"]
[Source "ChessBase"]
[SourceDate "2008.11.26"]
[SourceVersion "1"]
[SourceVersionDate "2008.11.26"]
[SourceQuality "1"]

1. d4 d5 2. e3 Bf5 3. Bd3 Nh6 4. Ne2 Nc6 5. f4 e6 6. 0-0 Qh4 7. Nd2 Bxd3 8. cxd3 Qh5 9. Nf3 f6 10. Qb3 0-0-0 11. Bd2 Qe8 12. Rac1 Nf7 13. Rc2 Rd7 14. Rfc1 Nfd8 15. Qa4 h6 16. b4 a6 17. b5 axb5 18. Qa8+ Nb8 19. Nc3 Rf7 20. Qa5 Nbc6 21. Qxb5 g5 22. f5 exf5 23. Nxd5 Bd6 24. Nb6+ Kb8 25. Nc4 Ne7 26. Nxd6 cxd6 27. Qb6 Ndc6 28. Rb2 Qd7 29. d5 Ne5 30. Nxe5 fxe5 31. e4 fxe4 32. Be3 Nc8 33. Rxc8+ Qxc8 34. Qa7+ Kc7 35. Rc2+ Kd7 36. Rxc8 Rxc8 37. Qxb7+ Rc7 38. Qb5+ Ke7 39. dxe4 Rc3 40. Qb6 Ke8 41. h3 Rd7 42. a4 Re7 43. a5 1-0

[Event "Rheinland-ch MT-A 28th"]
[Site "Trier"]
[Date "2005.??.??"]
[Round "2"]
[White "Czeratzki, Michael"]
[Black "Gruschinski, Rainer"]
[Result "1/2-1/2"]
[WhiteElo "2125"]
[BlackElo "2000"]
[PlyCount "91"]
[EventDate "2005.03.??"]
[EventType "tourn"]
[EventRounds "9"]
[EventCountry "GER"]
[SourceTitle "EXT 2009"]
[Source "ChessBase"]
[SourceDate "2008.11.26"]
[SourceVersion "1"]
[SourceVersionDate "2008.11.26"]
[SourceQuality "1"]

1. d4 e5 2. dxe5 Nc6 3. Nf3 Qe7 4. Qd5 h6 5. h4 g6 6. c3 Bg7 7. Bf4 b6 8. Nbd2 Bb7 9. Nc4 0-0-0 10. Qb5 f6 11. exf6 Qxf6 12. Bg3 d5 13. Nce5 Nge7 14. e3 Nf5 15. Nxc6 Bxc6 16. Qa6+ Kb8 17. Be5 Qe7 18. Bxg7 Qxg7 19. 0-0-0 Rhe8 20. Nd4 Bb7 21. Nxf5 gxf5 22. Qd3 Qg4 23. Qd4 Qg6 24. Qd2 Qg4 25. Rh2 Qa4 26. Kb1 Re4 27. b3 Qa3 28. Bd3 Re5 29. f4 Re7 30. Bxf5 Rf8 31. g4 c5 32. e4 c4 33. bxc4 dxe4 34. Qe3 Ba6 35. Rd4 Qc5 36. Rhd2 h5 37. Rd8+ Rxd8 38. Rxd8+ Kc7 39. Qxc5+ bxc5 40. Rd1 Bxc4 41. Re1 e3 42. gxh5 Rf7 43. Bc2 Rxf4 44. Rxe3 Rxh4 45. Re5 Kd6 46. Rg5 1/2-1/2

[Event "Rheinland-ch MT-A 28th"]
[Site "Trier"]
[Date "2005.??.??"]
[Round "3"]
[White "Thieme Garmann, Alexander"]
[Black "Czeratzki, Michael"]
[Result "1/2-1/2"]
[WhiteElo "2195"]
[BlackElo "2125"]
[PlyCount "106"]
[EventDate "2005.03.??"]
[EventType "tourn"]
[EventRounds "9"]
[EventCountry "GER"]
[SourceTitle "EXT 2009"]
[Source "ChessBase"]
[SourceDate "2008.11.26"]
[SourceVersion "1"]
[SourceVersionDate "2008.11.26"]
[SourceQuality "1"]

1. e4 e6 2. d3 d5 3. Nd2 Nc6 4. Ngf3 Nf6 5. e5 Nd7 6. d4 f6 7. exf6 Qxf6 8. c3 Bd6 9. Bb5 0-0 10. 0-0 a6 11. Ba4 Nb6 12. Bxc6 bxc6 13. Re1 c5 14. Nf1 cxd4 15. cxd4 c5 16. dxc5 Bxc5 17. Be3 Bxe3 18. Nxe3 Rb8 19. b3 Nd7 20. Rc1 Ne5 21. Nxe5 Qxe5 22. Qd2 Qf4 23. Nf1 Qd6 24. Qd4 Rb7 25. Nd2 Qd8 26. Rc3 Qf6 27. Nf3 Qxd4 28. Nxd4 Re8 29. f4 Rf7 30. g3 g5 31. Nf3 gxf4 32. Ne5 Rg7 33. Rec1 Bd7 34. Rc7 Rd8 35. g4 Bb5 36. Rxg7+ Kxg7 37. a4 Be8 38. g5 d4 39. Nd3 Kg6 40. Rc5 Kh5 41. Nxf4+ Kg4 42. Nd3 Bg6 43. Ne5+ Kf4 44. Kf2 Bh5 45. Ke1 Rb8 46. b4 Bg6 47. Nc6 Rb6 48. Nxd4 Ke3 49. Nc6 Be4 50. b5 axb5 51. axb5 Bxc6 52. Rxc6 Rxb5 53. Rxe6+ Kf4 1/2-1/2

[Event "SVR-ch MTA"]
[Site "Hoehr-Grenzhausen"]
[Date "2004.??.??"]
[Round "4"]
[White "Bruehl, Andreas"]
[Black "Czeratzki, Michael"]
[Result "1-0"]
[WhiteElo "2325"]
[BlackElo "2100"]
[PlyCount "79"]
[EventDate "2004.??.??"]
[EventType "tourn"]
[EventRounds "9"]
[EventCountry "GER"]
[SourceTitle "EXT 2009"]
[Source "ChessBase"]
[SourceDate "2008.11.26"]
[SourceVersion "1"]
[SourceVersionDate "2008.11.26"]
[SourceQuality "1"]

1. d4 e6 2. c4 f5 3. g3 Nf6 4. Bg2 c6 5. Nf3 Be7 6. 0-0 0-0 7. b3 Ne4 8. Ba3 d6 9. Nbd2 Nxd2 10. Qxd2 Re8 11. Rfe1 d5 12. Bxe7 Qxe7 13. Ne5 Nd7 14. Rec1 Nxe5 15. dxe5 b6 16. b4 Bb7 17. e3 Red8 18. c5 a5 19. a4 axb4 20. Qxb4 bxc5 21. Rxc5 Ra7 22. Rb1 Ba8 23. Rbc1 Qc7 24. f4 Rb8 25. Qa3 Ra5 26. Bf1 Rxc5 27. Qxc5 Qb6 28. Kf2 Qxc5 29. Rxc5 Kf7 30. Ra5 Rb2+ 31. Ke1 Rb1+ 32. Kf2 Rb2+ 33. Be2 Bb7 34. Ke1 Ke7 35. Ra7 Kd8 36. a5 c5 37. a6 Bc8 38. Rxg7 c4 39. a7 Ra2 40. Rxh7 1-0

[Event "SVR-ch MTA"]
[Site "Hoehr-Grenzhausen"]
[Date "2004.??.??"]
[Round "8"]
[White "Czeratzki, Michael"]
[Black "Roos, Christoph"]
[Result "1-0"]
[WhiteElo "2100"]
[BlackElo "2110"]
[PlyCount "81"]
[EventDate "2004.??.??"]
[EventType "tourn"]
[EventRounds "9"]
[EventCountry "GER"]
[SourceTitle "EXT 2009"]
[Source "ChessBase"]
[SourceDate "2008.11.26"]
[SourceVersion "1"]
[SourceVersionDate "2008.11.26"]
[SourceQuality "1"]

1. d4 d5 2. e3 Bf5 3. Bd3 Bxd3 4. cxd3 c6 5. f4 Nf6 6. Nf3 e6 7. 0-0 Na6 8. Nc3 Be7 9. Ne5 0-0 10. g4 Nd7 11. f5 f6 12. Nf3 e5 13. Kh1 Nc7 14. a3 Bd6 15. e4 Nb6 16. dxe5 fxe5 17. Qe1 d4 18. Nd1 Nd7 19. Qg3 Nc5 20. Bg5 Qe8 21. Nf2 h6 22. Bh4 g5 23. fxg6 Qxg6 24. g5 h5 25. b4 Na4 26. Qg2 Ne6 27. Nh3 Nf4 28. Nxf4 exf4 29. Qc2 Nb6 30. Bf2 Be7 31. Bxd4 Rad8 32. Bf2 Kh7 33. Rg1 Qe6 34. d4 Kg8 35. Rae1 Qc4 36. Rc1 Qxc2 37. Rxc2 Rf7 38. Nh4 Re8 39. Nf5 Rd8 40. Rc3 Nd7 41. Rf3 1-0

[Event "SVR-ch MTA"]
[Site "Hoehr-Grenzhausen"]
[Date "2004.??.??"]
[Round "5"]
[White "Czeratzki, Michael"]
[Black "Schoen, Ralf"]
[Result "1/2-1/2"]
[WhiteElo "2100"]
[BlackElo "2220"]
[PlyCount "63"]
[EventDate "2004.??.??"]
[EventType "tourn"]
[EventRounds "9"]
[EventCountry "GER"]
[SourceTitle "EXT 2009"]
[Source "ChessBase"]
[SourceDate "2008.11.26"]
[SourceVersion "1"]
[SourceVersionDate "2008.11.26"]
[SourceQuality "1"]

1. d4 f5 2. Qd3 d6 3. e4 fxe4 4. Qxe4 Nf6 5. Qh4 Bf5 6. c3 Qd7 7. Be3 Bxb1 8. Rxb1 Qa4 9. Bd3 Qxa2 10. Nf3 Qg8 11. 0-0 Nbd7 12. c4 e6 13. b4 Be7 14. Qh3 Nf8 15. b5 h6 16. Nd2 g5 17. Qf3 Rb8 18. d5 g4 19. Qe2 b6 20. Ra1 Rb7 21. dxe6 Qxe6 22. Rfe1 N8d7 23. Ne4 Ne5 24. Nxf6+ Bxf6 25. Be4 Rb8 26. Bd5 Qf5 27. Rxa7 Kd8 28. Kh1 h5 29. Rd1 Nd7 30. Qd2 h4 31. Bf4 Be5 32. Bxe5 1/2-1/2

[Event "Rheinland-ch MTA"]
[Site "Koblenz"]
[Date "2003.04.17"]
[Round "7"]
[White "Czeratzki, Michael"]
[Black "Daumen, Michael"]
[Result "0-1"]
[WhiteElo "2105"]
[BlackElo "2155"]
[PlyCount "146"]
[EventDate "2003.04.11"]
[EventType "tourn"]
[EventRounds "9"]
[EventCountry "GER"]
[SourceTitle "EXT 2004"]
[Source "ChessBase"]
[SourceDate "2003.11.25"]
[SourceVersion "1"]
[SourceVersionDate "2003.11.25"]
[SourceQuality "1"]

1. c4 Nf6 2. g3 c6 3. Bg2 d5 4. b3 e5 5. Bb2 Bd6 6. Qc2 0-0 7. e3 Re8 8. Ne2 Na6 9. a3 Bg4 10. f3 Bd7 11. 0-0 Qe7 12. d3 Bc5 13. Qd2 dxc4 14. bxc4 Rad8 15. Kh1 Bc8 16. Nc1 b5 17. Qe2 Bb7 18. Nb3 Bb6 19. Nc3 Nc5 20. Nxc5 Qxc5 21. Rfe1 bxc4 22. dxc4 Ba6 23. Bf1 Qa5 24. Qc2 e4 25. f4 Ng4 26. Bc1 Bc8 27. Re2 Nf6 28. Bg2 Qh5 29. Kg1 Bg4 30. Re1 Qf5 31. Ra2 Rd7 32. Nd1 Ba5 33. Rf1 Qe6 34. Nf2 Bf5 35. Qa4 Bb6 36. Rc2 Bc5 37. Qa5 Bb6 38. Qc3 Ng4 39. c5 Bd8 40. Rd2 Bf6 41. Qb4 Rd5 42. Nxg4 Bxg4 43. Rff2 Bf5 44. Bf1 Qe7 45. Rxd5 cxd5 46. c6 d4 47. Rb2 d3 48. Qxe7 Bxe7 49. Rb5 g6 50. Rb7 Bc5 51. Kf2 Bb6 52. Bg2 Bc8 53. Rb8 f5 54. Bd2 Bd7 55. Rxb6 axb6 56. cxd7 Rd8 57. g4 Rxd7 58. gxf5 gxf5 59. Bh3 Rd5 60. Ke1 Kf7 61. Bc3 Ke6 62. Kd2 Rc5 63. Bf1 Kd5 64. Bh3 Ke6 65. Bf1 Rc6 66. h4 Rc8 67. h5 Rg8 68. h6 Rg3 69. a4 Kd5 70. Bxd3 exd3 71. Kxd3 Rh3 72. Bg7 Rh1 73. Bf8 Ra1 0-1

[Event "Rheinland-ch MTA"]
[Site "Koblenz"]
[Date "2003.04.13"]
[Round "4"]
[White "Raach, Stephen"]
[Black "Czeratzki, Michael"]
[Result "1-0"]
[WhiteElo "2134"]
[BlackElo "2105"]
[PlyCount "111"]
[EventDate "2003.04.11"]
[EventType "tourn"]
[EventRounds "9"]
[EventCountry "GER"]
[SourceTitle "EXT 2004"]
[Source "ChessBase"]
[SourceDate "2003.11.25"]
[SourceVersion "1"]
[SourceVersionDate "2003.11.25"]
[SourceQuality "1"]

1. e4 e6 2. d4 d5 3. Nc3 Bb4 4. e5 c5 5. a3 Bxc3+ 6. bxc3 Qc7 7. Qg4 f5 8. Qh5+ Qf7 9. Qd1 c4 10. f4 Bd7 11. Nf3 Ne7 12. Be2 h6 13. Nh4 Nbc6 14. g4 fxg4 15. Bxg4 0-0-0 16. Qe2 g6 17. Be3 Rdg8 18. 0-0-0 Be8 19. Rhg1 Nf5 20. Nxf5 gxf5 21. Bf3 a6 22. Kb2 Na7 23. Bc1 Nb5 24. Qd2 Qc7 25. Ka2 Qe7 26. Bb2 Qh4 27. Rdf1 Na7 28. Rg2 Qh3 29. Qf2 Bh5 30. Rfg1 Rf8 31. Qg3 Qxg3 32. Rxg3 Bf7 33. Rg7 Nc6 34. R1g2 Nd8 35. a4 Rfg8 36. Ba3 Rxg7 37. Rxg7 Be8 38. Bd6 Nf7 39. Bc5 h5 40. Ka3 Kd7 41. Kb2 h4 42. Ka3 Rh6 43. Kb4 Rh8 44. Ka5 Kc6 45. h3 Rh6 46. Be7 Rh8 47. Bf6 b6+ 48. Kxa6 Rh6 49. Rg8 Bd7 50. Rf8 Rh7 51. Rb8 Kc7 52. Rb7+ Kc8 53. Kxb6 Bxa4 54. Rc7+ Kb8 55. Re7 Kc8 56. Rxe6 1-0

[Event "Oberliga Sued W 0102"]
[Site "Germany"]
[Date "2002.03.17"]
[Round "?"]
[White "Czeratzki, Michael"]
[Black "Schneider, Joerg"]
[Result "1/2-1/2"]
[WhiteElo "2103"]
[BlackElo "2162"]
[PlyCount "36"]
[EventDate "2001.10.09"]
[EventType "team"]
[EventRounds "9"]
[EventCountry "GER"]
[SourceTitle "EXT 2003"]
[Source "ChessBase"]
[SourceDate "2002.11.25"]
[SourceVersion "1"]
[SourceVersionDate "2002.11.25"]
[SourceQuality "1"]

1. d4 Nf6 2. e3 c5 3. c3 b6 4. f4 Bb7 5. Nf3 g6 6. Bd3 Bg7 7. 0-0 0-0 8. Qe1 d5 9. Nbd2 Nbd7 10. Qh4 Ne4 11. g4 e6 12. Qh3 Ndf6 13. Ne5 Nd7 14. Nxd7 Qxd7 15. Nf3 f6 16. Bd2 Rae8 17. Be1 Bc8 18. Rd1 Qa4 1/2-1/2

[Event "Oberliga Sued W 0102"]
[Site "Germany"]
[Date "2001.11.25"]
[Round "?"]
[White "Czeratzki, Michael"]
[Black "Wolf, Ulrich1111"]
[Result "1/2-1/2"]
[WhiteElo "2103"]
[BlackElo "1819"]
[PlyCount "138"]
[EventDate "2001.10.09"]
[EventType "team"]
[EventRounds "9"]
[EventCountry "GER"]
[SourceTitle "EXT 2003"]
[Source "ChessBase"]
[SourceDate "2002.11.25"]
[SourceVersion "1"]
[SourceVersionDate "2002.11.25"]
[SourceQuality "1"]

1. d4 d6 2. c4 e5 3. e3 Nf6 4. Nc3 Be7 5. Bd3 0-0 6. Nge2 Nbd7 7. 0-0 c6 8. d5 Nc5 9. Bb1 Qb6 10. Qc2 Bd7 11. Ng3 a5 12. Nh5 g6 13. Nxf6+ Bxf6 14. Qe2 Bg7 15. e4 Qc7 16. Be3 b6 17. Bc2 f5 18. dxc6 Bxc6 19. f3 f4 20. Bf2 Rac8 21. Rfd1 Ne6 22. Qd3 Nd4 23. Bxd4 exd4 24. Ne2 Be8 25. Rac1 Bf7 26. b3 Qc5 27. Kh1 Be5 28. Nxd4 Rcd8 29. Bb1 Rfe8 30. Rc2 g5 31. Rcd2 Rd7 32. Qf1 Red8 33. Rd3 a4 34. Nb5 axb3 35. axb3 Be6 36. Qg1 Qxg1+ 37. Kxg1 g4 38. Kf2 h5 39. Nd4 Bxd4+ 40. Rxd4 Kf7 41. R1d2 Kf6 42. Bc2 Ke5 43. Bd1 Rg8 44. b4 g3+ 45. hxg3 Rxg3 46. Be2 h4 47. Bf1 Rgg7 48. Ke2 Rc7 49. Kd1 Rgd7 50. Ke1 Ra7 51. Kf2 Ra3 52. c5 bxc5 53. bxc5 Ra2 54. c6 Rxd2+ 55. Rxd2 Rc7 56. Bb5 d5 57. exd5 Bxd5 58. Kg1 h3 59. gxh3 Bxf3 60. Rd7 Rc8 61. c7 Bb7 62. Kf2 Rg8 63. Bf1 Rg3 64. h4 Ke6 65. Rd8 Rf3+ 66. Kg1 Rc3 67. c8Q+ Bxc8 68. Rxc8 Rxc8 69. Bh3+ Kf6 1/2-1/2